00661 2200217 4500001002100000005001500021035002000036007000300056008004100059020001800100082001100118084001700129100001700146245005100163260004600214500012800260650002200388856001700410990000800427990000800435INLIS00000000000022420220309074729 a0010-0322000022ta220309 g 0 ind  a9789790260290 a297.63 a297.63 RAN b0 aRandi Catono1 aBilal bin Rabah :bMutiara Hitam Bersuara Emas aYogyakarta :bPustaka Insan Madani,c2008 aKisah hidup bilal bin rabah sungguh penuh teladan. muazin pertama ini adalah mantan budak yang dimerdekakan oleh abu bakar. 4aNabi Muhammad SAW aKoleksi Umum a600 a601